Notárstvo a iné právnické profesie v historickom vývoji /

Hlavní autor: Brtko, Róbert, 1968-
Další autoři: Gábriš, Tomáš, 1981-, Gregor, Martin, 1992-, Kováčiková, Jana, Mikl, Marián, Mlkvý, Matej, 1986-, Nemec, Roman, Podolec, Ondrej, 1975-, Šurkala, Ján, 1990-
Jazyk: Slovenština
Vydáno: Praha : Leges, 2017
Vydání: Vydání první
Edice: Teoretik
Témata:
Fyzický popis: 224 stran ; 21 cm
Knihy
Uloženo v:
LEADER 02454nam a2200649 i 4500
001 nkc20172908057
003 CZ PrNK
005 20210428201311.0
007 ta
008 170712s2017 xr f 000 0 slo
015 |a cnb002908057 
020 |a 978-80-7502-204-2  |q (brožováno) 
035 |a (OCoLC)1003289348 
040 |a ABA001  |b cze  |d BOA001  |e rda 
043 |a e-xo--- 
072 7 |a 34  |x Právo  |2 Konspekt  |9 16 
080 |a 347.961(091)  |2 MRF 
080 |a 34:331.542  |2 MRF 
080 |a 34(091)  |2 MRF 
080 |a (437.6)  |2 MRF 
080 |a (048.8:082)  |2 MRF 
100 1 |a Brtko, Róbert,  |d 1968-  |7 osd2010555479  |4 aut 
245 1 0 |a Notárstvo a iné právnické profesie v historickom vývoji /  |c Róbert Brtko, Tomáš Gábriš, Martin Gregor, Jana Kováčiková, Marián Mikl, Matej Mlkvý, Roman Nemec, Ondrej Podolec, Ján Šurkala 
250 |a Vydání první 
264 1 |a Praha :  |b Leges,  |c 2017 
300 |a 224 stran ;  |c 21 cm 
336 |a text  |b txt  |2 rdacontent 
337 |a bez média  |b n  |2 rdamedia 
338 |a svazek  |b nc  |2 rdacarrier 
490 1 |a Teoretik 
504 |a Obsahuje bibliografii a bibliografické odkazy 
650 0 7 |a dějiny notářství  |7 ph852317  |2 czenas 
650 0 7 |a dějiny notářství  |7 ph852317  |z Slovensko  |2 czenas 
650 0 7 |a právnické profese  |7 ph124710  |x dějiny  |2 czenas 
650 0 7 |a právnické profese  |7 ph124710  |z Slovensko  |2 czenas 
650 0 7 |a právní dějiny  |7 ph164957  |2 czenas 
650 0 9 |a history of notaries  |2 eczenas 
650 0 9 |a history of notaries  |z Slovakia  |2 eczenas 
650 0 9 |a legal profession  |x history  |2 eczenas 
650 0 9 |a legal profession  |z Slovakia  |2 eczenas 
650 0 9 |a history of law  |2 eczenas 
655 7 |a kolektivní monografie  |7 fd501537  |2 czenas 
655 9 |a collective monographs  |2 eczenas 
700 1 |a Gábriš, Tomáš,  |d 1981-  |7 jx20090514002  |4 aut 
700 1 |a Gregor, Martin,  |d 1992-  |7 xx0219182  |4 aut 
700 1 |a Kováčiková, Jana  |7 mub2015893127  |4 aut 
700 1 |a Mikl, Marián  |4 aut 
700 1 |a Mlkvý, Matej,  |d 1986-  |7 mub2015893108  |4 aut 
700 1 |a Nemec, Roman  |7 mub20211112031  |4 aut 
700 1 |a Podolec, Ondrej,  |d 1975-  |7 mzk2006336994  |4 aut 
700 1 |a Šurkala, Ján,  |d 1990-  |7 xx0219262  |4 aut 
830 0 |a Teoretik  |0 s 
910 2 |a BOA001  |b 2-1393.139 
990 |a BK 
995 |a 01 
991 |b 201709  |c NOV 
996 6 |b 2610715852  |c 2-1393.139  |l MZK  |r Sklad / do 1 hodiny  |n 1  |p p.v.  |w 001625790  |u 000010  |a 1  |e BOA001  |j MZK50  |s P